Who Scored The Goal? (Galatasaray) - Statistics

General Stats
  • This quiz has been taken 37 times
    3 since last reset
  • The average score is 58 of 77
Answer Stats
Matches Scorer % Correct
Gaziantep FK - Galatasaray12' 0-1 Barış Alper Yılmaz
100%
Gaziantep FK - Galatasaray45+12' 0-3 Barış Alper Yılmaz
100%
Galatasaray - Fatih Karagümrük10' 1-0 Barış Alper Yılmaz
100%
Galatasaray - Gaziantep FK84' 1-1 Barış Alper Yılmaz
100%
Galatasaray - Fenerbahçe67' 2-0 Barış Alper Yılmaz
100%
Gaziantep FK - Galatasaray16' 0-2 Eren Elmalı
100%
Fatih Karagümrük - Galatasaray1' 0-1 Gabriel Sara
100%
Galatasaray - Beşiktaş55' 1-1 İlkay Gündoğan
100%
Galatasaray - Antalyaspor90+5' 4-2 Kaan Ayhan
100%
Fenerbahçe - Galatasaray27' 0-1 Leroy Sane
100%
Galatasaray - Samsunspor8' 1-0 Leroy Sane
100%
Antalyaspor - Galatasaray7' 0-1 Leroy Sane
100%
Galatasaray - Kocaelispor30' 1-0 Leroy Sane
100%
Galatasaray - Fenerbahçe83' 3-0 Lucas Torreira
100%
Galatasaray - Antalyaspor56' 1-1 Mario Lemina
100%
Galatasaray - Fatih Karagümrük87' 3-0 Mauro Icardi
100%
Eyüpspor - Galatasaray73' 0-1 Mauro Icardi
100%
Alanyaspor - Galatasaray23' 0-1 Mauro Icardi
100%
Antalyaspor - Galatasaray90+3' 1-4 Mauro Icardi
100%
Galatasaray - Kayserispor90+4' 4-0 Mauro Icardi
100%
Galatasaray - Eyüpspor33' 2-0 Mauro Icardi
100%
Galatasaray - Eyüpspor48' 3-0 Mauro Icardi
100%
Galatasaray - Eyüpspor70' 4-0 Mauro Icardi
100%
Gençlerbirliği - Galatasaray2' 0-1 Mauro Icardi
100%
Galatasaray - Samsunspor29' 2-0 Victor Osimhen
100%
Galatasaray - Samsunspor90+2' 3-2 Victor Osimhen
100%
Galatasaray - Kayserispor26' 2-0 Victor Osimhen
100%
Çaykur Rizespor - Galatasaray73' 0-3 Victor Osimhen
100%
Beşiktaş - Galatasaray39' 0-1 Victor Osimhen
100%
Galatasaray - Başakşehir66' 2-0 Victor Osimhen
100%
Galatasaray - Fenerbahçe40' 1-0 Victor Osimhen
100%
Galatasaray - Antalyaspor66' 2-2 Victor Osimhen
100%
Galatasaray - Antalyaspor88' 3-2 Victor Osimhen
100%
Trabzonspor - Galatasaray48' 1-1 Wilfried Singo
100%
Eyüpspor - Galatasaray89' 0-2 Yunus Akgün
100%
Galatasaray - Eyüpspor2' 1-0 Yunus Akgün
100%
Gençlerbirliği - Galatasaray35' 0-2 Yunus Akgün
100%
Samsunspor - Galatasaray9' 0-1 Yunus Akgün
100%
Galatasaray - Kayserispor7' 1-0 Aaron Opoku (OG)
67%
Çaykur Rizespor - Galatasaray19' 0-1 Barış Alper Yılmaz
67%
Göztepe - Galatasaray5' 0-1 Barış Alper Yılmaz
67%
Kayserispor - Galatasaray36' 0-1 Eren Elmalı
67%
Galatasaray - Fatih Karagümrük74' 2-0 Fatih Kurucuk (OG)
67%
Galatasaray - Kayserispor60' 3-0 Gabriel Sara
67%
Kayserispor - Galatasaray90+3' 0-4 Leroy Sane
67%
Başakşehir - Galatasaray45+3' 0-1 Leroy Sane
67%
Başakşehir - Galatasaray61' 1-2 Leroy Sane
67%
Galatasaray - Çaykur Rizespor90+2' 3-0 Mauro Icardi
67%
Galatasaray - Konyaspor45+1' 2-0 Mauro Icardi
67%
Galatasaray - Göztepe66' 3-1 Mauro Icardi
67%
Galatasaray - Kasımpaşa88' 3-0 Mauro Icardi
67%
Galatasaray - Başakşehir86' 3-0 Renato Nhaga
67%
Kayserispor - Galatasaray86' 0-3 Victor Osimhen
67%
Antalyaspor - Galatasaray56' 0-3 Victor Osimhen
67%
Fatih Karagümrük - Galatasaray55' 1-3 Victor Osimhen
67%
Galatasaray - Alanyaspor83' 3-1 Victor Osimhen
67%
Galatasaray - Başakşehir57' 1-0 Wilfried Singo
67%
Galatasaray - Kasımpaşa10' 1-0 Yunus Akgün
67%
Çaykur Rizespor - Galatasaray62' 0-2 Yunus Akgün
67%
Göztepe - Galatasaray19' 0-2 Allan (OG)
33%
Galatasaray - Gençlerbirliği57' 2-1 Barış Alper Yılmaz
33%
Galatasaray - Çaykur Rizespor20' 1-0 Davinson Sanchez
33%
Kayserispor - Galatasaray46' 0-2 Eren Elmalı
33%
Galatasaray - Göztepe63' 2-1 Gabriel Sara
33%
Galatasaray - Kasımpaşa82' 2-0 Gabriel Sara
33%
Fatih Karagümrük - Galatasaray51' 1-2 Gabriel Sara
33%
Galatasaray - Gençlerbirliği66' 3-1 İlkay Gündoğan
33%
Galatasaray - Eyüpspor87' 5-1 Jerome Onguene (OG)
33%
Galatasaray - Konyaspor64' 3-0 Lucas Torreira
33%
Galatasaray - Alanyaspor58' 2-1 Lucas Torreira
33%
Göztepe - Galatasaray75' 1-3 Mario Lemina
33%
Galatasaray - Gençlerbirliği55' 1-1 Mauro Icardi
33%
Antalyaspor - Galatasaray11' 0-2 Roland Sallai
33%
Galatasaray - Alanyaspor45+2' 1-0 Sacha Boey
33%
Galatasaray - Çaykur Rizespor65' 2-0 Victor Osimhen
33%
Galatasaray - Göztepe19' 1-1 Victor Osimhen
33%
Galatasaray - Konyaspor23' 1-0 Yunus Akgün
33%
No matching quizzes found
Score Distribution
Percent of People with Each Score
Percentile by Number Answered
Your Score History
You have not taken this quiz since the last reset